Alphabetizing Challenge - Statistics

General Stats
  • This quiz has been taken 38 times
  • The average score is 4 of 15
Answer Stats
Word % Correct
Africa
100%
Answers
81%
Asia
71%
Capitals
57%
Countries
52%
Europe
38%
Jeppy
19%
JetPunk
14%
Name
5%
North America
5%
Quizzes
0%
South America
0%
Subdivision
0%
Test
0%
World
0%
No matching quizzes found
Score Distribution
Percent of People with Each Score
Percentile by Number Answered
Your Score History
You have not taken this quiz